Can You Name All The Characteristics Of Jae-Yong From Brawl Stars? - Statistics

General Stats
  • This quiz has been taken 2 times
  • The average score is 9 of 15
Answer Stats
Hint Answer % Correct
Title Amor Fati
100%
Rarity Mythic
100%
Voice Actor No
100%
Buffies No
100%
Class Support
100%
Prestige Title Employee Of The Month
50%
Star Power Extra High Note
50%
Trio Karaoke
50%
Trait Over Time
50%
Star Power The Crowd Goes Mild
50%
Gadgets Time For a Slow Song
50%
Gadgets Weekend Warrior
50%
Hypercharge Crowd-Pleaser
0%
Super Mix It Up
0%
Attack Work Hard Play Hard
0%
No matching quizzes found
Score Distribution
Percent of People with Each Score
Percentile by Number Answered
Your Score History
You have not taken this quiz